Νοσταλγίες και ψίθυροι
Saved in:
| Main Author: | |
|---|---|
| Format: | Book |
| Language: | Greek |
| Published: |
Αθήνα :
Αρίτσας Γονιού,
|
| Subjects: | |
| Tags: |
Add Tag
No Tags, Be the first to tag this record!
|
MARC
| LEADER | 00000nam a2200000 i 4500 | ||
|---|---|---|---|
| 001 | 1/44294 | ||
| 008 | 961108s gre d | ||
| 035 | |l 10025941 | ||
| 040 | |a GR-MY-UA |b gre |e aacr | ||
| 041 | 0 | |a gre | |
| 082 | 0 | |a 889.19 | |
| 100 | 1 | |a Γονιού, Αρίτσα. | |
| 245 | 1 | 0 | |a Νοσταλγίες και ψίθυροι / |c Αρίτσας Γονιού |
| 260 | |a Αθήνα : |b Αρίτσας Γονιού, | ||
| 300 | |a 48 σ. | ||
| 650 | 0 | 0 | |a Greek poetry. |
| 852 | |a INST |b CHIOS |e 19961108 |h 889.19 ΓΟΝ |p 005200011496 |q 005200011496 |t BK |y 0 | ||
| 909 | |a Χ |b 047841 | ||